| 000 | 00537cam a22001457a 4500 | ||
|---|---|---|---|
| 008 | 180718b1965 xxu||||| |||| 00| 0 eng d | ||
| 082 | _aA6x47 N542 | ||
| 100 | _aNicolaevsky, Boris I. | ||
| 245 |
_aPower and the Soviet Elite: "The letter of an old Bolshevik" _cby Boris I. Nicolaevsky; edited by JAnet D. Zagoria |
||
| 260 |
_aLondon _bPall MAll _c1965 |
||
| 300 | _axxi,275p. | ||
| 650 | _aSoviet Union --Politics and government. | ||
| 650 | _aKommunisticheskai?a? partii?a? Sovetskogo Soi?u?za --History | ||
| 700 | _aZagoria, JAnet D. | ||
| 999 |
_c411174 _d411174 |
||